000 00537nam a2200181Ia 4500
003 GCL
008 140319s9999 xx 000 0 ara d
040 _aGCL /
_cGCL
082 0 4 _a920.71
_bا ع
100 1 _aاحمد سويلم العمرى
245 1 0 _aعظماء اغفلهم التاريخ /
_cاحمد سويلم العمرى
260 _a[S.N] :
_bالدار المصرية اللبنانية ،
_c1993
300 _a137 ص
490 _a
650 0 4 _aالعالم العربى
650 0 4 _aتاريخ
942 _2ddc
_cBK
999 _c28149
_d28149